| 000 | 00811nam a2200277 a 4500 | ||
|---|---|---|---|
| 001 | 4280250 | ||
| 003 | NUST - PNEC | ||
| 005 | 20170116180827.0 | ||
| 008 | 891129s1986 flua 001 0 eng | ||
| 010 | _a 85070253 | ||
| 020 | _a0123043824 | ||
| 020 | _a0123043808 | ||
| 040 |
_aDLC _cLIBRARY _dDLC |
||
| 050 | 0 | 0 |
_aQA303 _b.G895 1986 |
| 082 | 0 | 0 | _a515 GRO |
| 100 | 1 | _aGrossman, Stanley I. | |
| 245 | 1 | 0 |
_aMultivariable calculus, linear algebra, and differential equations / _cStanley I. Grossman. |
| 250 | _a2nd ed. | ||
| 260 |
_aOrlando : _bAcademic Press, _cc1986. |
||
| 300 |
_aix, 876, 92, 10 p. : _bill. ; _c27 cm. |
||
| 650 | 0 | _aCalculus. | |
| 650 | 0 |
_aAlgebras, Linear. _xME |
|
| 650 | 0 | _aDifferential equations. | |
| 906 |
_a7 _bcbc _corignew _d3 _eopcn _f19 _gy-gencatlg |
||
| 942 |
_2ddc _cBK |
||
| 999 |
_c63927 _d63927 |
||